Top 15 Most Stable Countries in The World - Statistics

General Stats
  • This quiz has been taken 242 times
  • The average score is 13 of 15
Answer Stats
Stability Score (The Lower the better) Country % Correct
18.7 Finland
98%
20.5 Norway
95%
22.1 Sweden
94%
21.5 Denmark
92%
22.5 Iceland
89%
22.6 Canada
88%
22.3 Australia
85%
21.1 Switzerland
85%
28.1 Germany
84%
22.6 New Zealand
84%
27.4 Netherlands
83%
27.7 Austria
80%
22.3 Ireland
80%
23.4 Luxembourg
77%
29 Portugal
69%
No matching quizzes found
Score Distribution
Percent of People with Each Score
Percentile by Number Answered
Your Score History
You have not taken this quiz